Vegyesek

Elmentve itt :
Bibliográfiai részletek
Szerzők: Kemény Ferenc
Bonney Charles G.
Maurer János
Dokumentumtípus: Cikk
Megjelent: 1895
Sorozat:Magyar pedagógia : a Magyar Tudományos Akadémia Pedagógiai Bizottságának folyóirata 4
Kulcsszavak:Somogyi Géza, Lévay Ferenc, Oktatásügy Magyarország 1895
Online Access:http://misc.bibl.u-szeged.hu/7091
LEADER 00730nab a2200205 i 4500
001 misc7091
005 20191106144302.0
008 170607s1895 hu o 0|| hun d
022 |a 0025-0260 
040 |a SZTE Miscellanea Repozitórium  |b hun 
041 |a hun 
100 1 |a Kemény Ferenc 
245 1 0 |a Vegyesek  |h [elektronikus dokumentum] /  |c  Kemény Ferenc 
260 |c 1895 
300 |a 354-364 
490 0 |a Magyar pedagógia : a Magyar Tudományos Akadémia Pedagógiai Bizottságának folyóirata  |v 4 
695 |a Somogyi Géza, Lévay Ferenc, Oktatásügy Magyarország 1895 
700 0 1 |a Bonney Charles G.  |e aut 
700 0 1 |a Maurer János  |e aut 
856 4 0 |u http://misc.bibl.u-szeged.hu/7091/1/mp_1895_354-364.pdf  |z Dokumentum-elérés